MARC details
| 000 -LEADER |
| fixed length control field |
01696cgm a2200457Ma 4500 |
| 001 - CONTROL NUMBER |
| control field |
ocn882223669 |
| 003 - CONTROL NUMBER IDENTIFIER |
| control field |
OCoLC |
| 005 - DATE AND TIME OF LATEST TRANSACTION |
| control field |
20251212103555.0 |
| 007 - PHYSICAL DESCRIPTION FIXED FIELD--GENERAL INFORMATION |
| fixed length control field |
vd cvaizs |
| 008 - FIXED-LENGTH DATA ELEMENTS--GENERAL INFORMATION |
| fixed length control field |
140421s2014 xxu663 e vleng d |
| 020 ## - INTERNATIONAL STANDARD BOOK NUMBER |
| Terms of availability |
20.95 |
| 024 1# - OTHER STANDARD IDENTIFIER |
| Standard number or code |
043396440869 |
| Terms of availability |
35.99 |
| 028 42 - PUBLISHER NUMBER |
| Publisher number |
11073819 |
| 035 ## - SYSTEM CONTROL NUMBER |
| System control number |
(OCoLC)882223669 |
| 037 ## - SOURCE OF ACQUISITION |
| Stock number |
11073819 |
| 040 ## - CATALOGING SOURCE |
| Original cataloging agency |
B@L |
| Language of cataloging |
eng |
| Transcribing agency |
B@L |
| Modifying agency |
JRN |
| -- |
OCLCF |
| -- |
WACOL |
| Description conventions |
rda |
| 049 ## - LOCAL HOLDINGS (OCLC) |
| Holding library |
WACL |
| 050 14 - LIBRARY OF CONGRESS CALL NUMBER |
| Classification number |
DVD791.4575 HOU |
| 092 ## - LOCALLY ASSIGNED DEWEY CALL NUMBER (OCLC) |
| Classification number |
DVD |
| Item number |
Hou |
| 245 00 - TITLE STATEMENT |
| Title |
House of cards : the complete second season |
| Medium |
[videorecording]. |
| 246 3# - VARYING FORM OF TITLE |
| Title proper/short title |
House of cards, season 2 |
| 250 ## - EDITION STATEMENT |
| Edition statement |
Widescreen ed. |
| 260 ## - PUBLICATION, DISTRIBUTION, ETC. (IMPRINT) |
| Place of publication, distribution, etc |
[U.S.] : |
| Name of publisher, distributor, etc |
Columbia, |
| Date of publication, distribution, etc |
2014. |
| 264 ## - Production, Publication, Distribution, Manufacture, and Copyright Notice. |
| Place of production, publication, distribution, manufacture |
[U.S.] : |
| Name of producer, publisher, distributor, manufacturer |
Columbia, |
| Date of production, publication, distribution, manufacture, or copyr |
2014. |
| 300 ## - PHYSICAL DESCRIPTION |
| Extent |
4 videodiscs (ca. 663 min.) : |
| Other physical details |
sd., col. ; |
| Dimensions |
4 3/4 in. |
| 511 1# - PARTICIPANT OR PERFORMER NOTE |
| Participant or performer note |
Michael R. Gill, Robin Wright, Kevin Spacey. |
| 520 ## - SUMMARY, ETC. |
| Summary, etc |
Frank prepares for his promotion to Vice President. Doug tries to erase all leads leading him back to him and Frank. Claire fights back against Gillian. Zoe considers working with Frank again. |
| 521 8# - TARGET AUDIENCE NOTE |
| Target audience note |
Closed-captioned. |
| 538 ## - SYSTEM DETAILS NOTE |
| System details note |
DVD. |
| 546 ## - LANGUAGE NOTE |
| Language note |
English, Portuguese, Spanish audio; English, French, Portuguese, Spanish subtitles. |
| 546 ## - LANGUAGE NOTE |
| Language note |
English subtitles for the deaf and hard of hearing. |
| 650 #0 - SUBJECT ADDED ENTRY--TOPICAL TERM |
| Topical term or geographic name as entry element |
Video recordings for the hearing impaired. |
| 9 (RLIN) |
5895219 |
| 650 #0 - SUBJECT ADDED ENTRY--TOPICAL TERM |
| Topical term or geographic name as entry element |
Television programs. |
| 9 (RLIN) |
5895220 |
| 650 #7 - SUBJECT ADDED ENTRY--TOPICAL TERM |
| Topical term or geographic name as entry element |
Television programs. |
| Source of heading or term |
fast |
| 9 (RLIN) |
5895220 |
| 650 #7 - SUBJECT ADDED ENTRY--TOPICAL TERM |
| Topical term or geographic name as entry element |
Video recordings for the hearing impaired. |
| Source of heading or term |
fast |
| 9 (RLIN) |
5895219 |
| 700 1# - ADDED ENTRY--PERSONAL NAME |
| Personal name |
Spacey, Kevin. |
| 9 (RLIN) |
60523 |
| 700 1# - ADDED ENTRY--PERSONAL NAME |
| Personal name |
Wright, Robin. |
| 9 (RLIN) |
5895221 |
| 700 1# - ADDED ENTRY--PERSONAL NAME |
| Personal name |
Gill, Michael R. |
| 9 (RLIN) |
5895222 |
| 942 ## - ADDED ENTRY ELEMENTS (KOHA) |
| Koha item type |
DVD |
| Source of classification or shelving scheme |
Dewey Decimal Classification |
| 948 ## - LOCAL PROCESSING INFORMATION (OCLC); SERIES PART DESIGNATOR (RLIN) |
| Series part designator, SPT (RLIN) |
01/24/2015 |
| z (OCLC) |
Sirsi |